Camalote : cuento alegorico /

Guardado en:
Autor Principal: Siro, Elena
Formato: Libro
Publicado: Santa Fe : Universidad Naciónal del Litoral, 1955
Series:Extensión Universitaria ; No. 83
Materias:
Etiquetas: Agregar Etiqueta
Sin Etiquetas, Sea el primero en etiquetar este registro!
LEADER 00670nam a22002175a 4500
001 CEM.cems006004
005 20060214000000.0
008 130507s1955##################000#0#####d
003 CEMS
082 0 4 |a A862.4 
100 1 |a Siro, Elena 
245 1 0 |a Camalote :  |b cuento alegorico / 
260 |a Santa Fe :  |b Universidad Naciónal del Litoral,  |c 1955 
300 |a 37 p. 
490 0 |a Extensión Universitaria ; No. 83 
653 |a Literatura 
653 |a Literatura argentina 
653 |a Teatro 
653 |a Teatro argentino-siglo 20 
859 |a CEMS  |b BIB. CEMS - 11 de abril  |h A862.4  |i Si77  |p 9623.81  |t Ej.1 
859 |a CEMS  |b BIB. CEMS - 11 de abril  |h A862.4  |i Si77  |p 9644.81  |t Ej.2